Hidden innovation : policy, industry and the creative sector /

Bibliographic Details
Main Author: Cunningham, Stuart
Format: Book
Language:English
Published: Lanham, Maryland : Lexington Books, [2014]
Series:Critical media studies.
Subjects:

MARC

Tag First Indicator Second Indicator Subfields
LEADER 00000cam a2200000 i 4500
001 in00003428310
005 20151206091238.0
008 131121s2014 mdu b 001 0 eng
010 |a  2013034365 
020 |a 9780739188064 (cloth : alk. paper) 
020 |a 0739188062 (cloth : alk. paper) 
035 |a (OCoLC)ocn863801497 
035 |a (OCoLC)863801497 
040 |a DLC  |b eng  |e rda  |c DLC  |d YDX  |d OCLCO  |d YDXCP  |d OUN  |d UtOrBLW 
042 |a pcc 
049 |a TXAM 
050 0 0 |a GN365  |b .C86 2014 
082 0 0 |a 303.48/4  |2 23 
100 1 |a Cunningham, Stuart. 
245 1 0 |a Hidden innovation :  |b policy, industry and the creative sector /  |c Stuart Cunningham. 
264 1 |a Lanham, Maryland :  |b Lexington Books,  |c [2014] 
300 |a 253 pages ;  |c 24 cm. 
336 |a text  |b txt  |2 rdacontent 
337 |a unmediated  |b n  |2 rdamedia 
338 |a volume  |b nc  |2 rdacarrier 
490 1 |a Critical media studies 
504 |a Includes bibliographical references and index. 
650 0 |a Humanities. 
650 0 |a Diffusion of innovations. 
650 0 |a Case studies. 
830 0 |a Critical media studies. 
938 |a YBP Library Services  |b YANK  |n 10884210 
947 |a A14840645813 
945 |a PromptCat  |b 609325 
946 |a stk 
994 |a 92  |b TXA 
948 |a Cataloged  |b h  |c 2014/1/22  |d c  |e Dhernandez 
999 |a MARS 
999 f f |s 6ed321bd-0208-31b0-945e-01101a3d11a4  |i da1fb7e1-6757-3b66-b0f0-6059451504bd  |t 0 
952 f f |p normal  |a Texas A&M University  |b College Station  |c Sterling C. Evans Library  |d Evans: Library Stacks  |t 0  |e GN365 .C86 2014  |h Library of Congress classification  |i unmediated -- volume  |m A14840645813 
998 f f |a GN365 .C86 2014  |t 0  |l Evans: Library Stacks